Swans Songs - Statistics

General Stats
  • This quiz has been taken 116 times
  • The average score is 85 of 192
Answer Stats
Album Song % Correct
Cop
82%
Oxygen
79%
(Rope) Away
79%
The Seer
79%
(---)
75%
A Little God In My Hands
75%
Helpless Child
75%
The Great Annihilator (1995) In
75%
The Glowing Man
75%
To Be Kind
75%
Bring the Sun/Toussaint L'Ouverture
71%
The Seer (2012) Lunacy
71%
Filth (1983) Stay Here
71%
The Beggar
71%
The Sound
71%
The Wolf
71%
(---)
68%
93 Ave. Blues
68%
Apostate
68%
Avatar
68%
Birthing
68%
The Glowing Man (2016) Cloud of Forgetting
68%
Cloud of Unknowing
68%
Finally, Peace.
68%
I Am a Tower
68%
Just a Little Boy (For Chester Burnett)
68%
Michael Is Done
68%
Soundtracks for the Blind (1996) Red Velvet Corridor
68%
To Be Kind (2014) Screen Shot
68%
She Loves Us
68%
The Beggar Lover (Three)
68%
The Merge
68%
The Seer Returns
68%
Your Property
68%
Frankie M.
64%
God Damn the Sun
64%
Greed
64%
Leaving Meaning
64%
Some Things We Do
64%
Song for a Warrior
64%
Surrogate 2
64%
Surrogate Drone
64%
The Final Sacrifice
64%
Birthing (2025) The Healers
64%
The World Looks Red/The World Looks Black
64%
A Piece of the Sky
61%
Children of God
61%
I Am the Sun
61%
Mind/Body/Light/Sound
61%
Mother/Father
61%
Nathalie Neal
61%
The Great Annihilator
61%
When Will I Return?
61%
Animus
57%
Big Strong Boss
57%
In My Garden
57%
I Was a Prisoner In Your Skull
57%
Kirsten Supine
57%
Los Angeles: City of Death
57%
Love of Life
57%
Out
57%
Paradise Is Mine
57%
Power for Power
57%
The Beggar (2023) The Parasite
57%
Love of Life (1992) (---)
54%
Beautiful Child
54%
Jim
54%
Mother of the World
54%
Children of God (1987) New Mind
54%
People Like Us
54%
Red Velvet Wound
54%
Red Yellow
54%
The Daughter Brings the Water
54%
The Hanging Man
54%
The Memorious
54%
Volcano
54%
YRP
54%
YRP 2
54%
White Life from the Mouth of Infinity (1991) Better Than You
50%
Ebbing
50%
Killing for Company
50%
My Father Will Guide Me Up a Rope to the Sky (2010) No Words/No Thoughts
50%
The Beautiful Days
50%
Yum-Yab Killers
50%
A Screw (Holy Money)
46%
Blood Promise
46%
How They Suffer
46%
Love Will Save You
46%
Sex, God, Sex
46%
Why Can't I Have What I Want Any Time That I Want?
46%
You Fucking People Make Me Sick
46%
Holy Money (1986) A Hanging
43%
Blackout
43%
Celebrity Lifestyle
43%
Empathy
43%
Failure
43%
Guardian Spirit
43%
Her
43%
Like a Drug (Sha La La La)
43%
No More of This
43%
Power and Sacrifice
43%
Amnesia
39%
Blood Section
39%
Coward
39%
Fan's Lament
39%
Greed (1986) Fool
39%
Fool (#2)
39%
Freak
39%
Gang
39%
Job
39%
Mellothumb
39%
Telepathy
39%
Thug
39%
Blackmail
36%
Her Mouth Is Filled With Honey
36%
Hypogirl
36%
Live Through Me
36%
Secret Friends
36%
Sunfucker
36%
All Lined Up
32%
Eden Prison
32%
I Love You This Much
32%
Money Is Flesh
32%
Money Is Flesh (#2)
32%
Reeling the Liars In
32%
She Lives!
32%
Song for the Sun
32%
Thank You
32%
The Nub
32%
Weakling
32%
Alcohol the Seed
29%
Blind Love
29%
Can't Find My Way Home
29%
Cathedrals of Heaven
29%
Clay Man
29%
Cop (1984) Half Life
29%
It's Coming It's Real
29%
Mona Lisa, Mother Earth
29%
My Phantom Limb
29%
Real Love
29%
Some New Things
29%
The Golden Boy That Was Swallowed by the Sea
29%
Unforming
29%
Anything For You
25%
Blood and Honey
25%
Mother's Milk
25%
Saved
25%
(She's A) Universal Emptiness
25%
Song for Dead Time
25%
Stupid Child
25%
The Most Unfortunate Lie
25%
The Burning World (1989) The River That Runs With Love Won't Run Dry
25%
Trust Me
25%
Why Hide
25%
Annaline
21%
Butcher
21%
God Loves America
21%
Leaving Meaning (2019) Hums
21%
Inside Madeline
21%
Minus Something
21%
Our Love Lies
21%
Right Wrong
21%
See No More
21%
Where Does a Body End?
21%
Will We Survive
21%
Heaven
18%
Jane Mary, Cry One Tear
18%
Let It Come Down
18%
Little Mouth
18%
She Cries (For Spider)
18%
Warm
18%
What Is This?
18%
You're Not Real, Girl
18%
Miracle of Love
14%
No Cure for the Lonely
14%
You Know Nothing
14%
Another You
11%
Identity
11%
In the Eyes of Nature
11%
My Birth
11%
Nobody
11%
The Other Side of the World
11%
When She Breathes
11%
Why Are We Alive?
11%
I Remember Who You Are
7%
My Buried Child
7%
You Need Me
7%
The Sound of Freedom
4%
No matching quizzes found
Score Distribution
Percent of People with Each Score
Percentile by Number Answered
Your Score History
You have not taken this quiz